Química 2º medio: texto para el estudiante

Salvato in:
Dettagli Bibliografici
Autori principali: Contreras Slotosch, Martín (Autore), Rojas Rosales, Mónica (Autore), Letelier Domínguez, Ricardo (Autore), Marttens Osorio, Hernán von (Autore)
Natura: Libro
Lingua:spagnolo
Pubblicazione: Santiago McGraw Hill 2003
Soggetti:
Tags: Aggiungi Tag
Nessun Tag, puoi essere il primo ad aggiungerne!!

MARC

LEADER 00000nam a2200000 a 4500
001 UCK9717
003 CL-VaPUC
008 060519e20030000CL |||||||||||||||||spa|d
020 |a 9562781399 
082 0 4 |a 540.712  |b CON  |2 21 
100 0 |a Contreras Slotosch, Martín  |e author  |9 499573 
700 0 |a Rojas Rosales, Mónica  |e author  |9 499574 
700 0 |a Letelier Domínguez, Ricardo  |e author  |9 499575 
700 0 |a Marttens Osorio, Hernán von  |e author  |9 499576 
245 1 0 |a Química 2º medio: texto para el estudiante 
300 |a 176 p 
942 |c BK 
945 |d 20060519 00:00:00  |a jtorresc 
260 |a Santiago  |b McGraw Hill  |c 2003 
650 0 |a Educación científica   |9 307484 
650 0 |a Métodos de enseñanza  |9 270413 
650 7 |a LIBROS DE TEXTOS  |2 CL-VaPUC  |9 499577 
650 0 |a Ciencias naturales  |9 260542 
650 0 |a Química  |9 259896 
583 |a last modification  |c 20171110 11:25:44  |k Rodrigo Vera 
999 |c 316784  |d 316782